Normal view
MARC view
- النزاع العربي الاسرائيلي- مؤتمرات، القدس(فلسطين)- تاريخ- مؤتمرات
Entry Topical Term
001 - CONTROL NUMBER
- control field: 33589
003 - CONTROL NUMBER IDENTIFIER
- control field: JO-AjAnu
005 - DATE AND TIME OF LATEST TRANSACTION
- control field: 20230606075632.0
008 - FIXED-LENGTH DATA ELEMENTS
- fixed length control field: 230606|| aca||aabn | a|a d
040 ## - CATALOGING SOURCE
- Original cataloging agency: JO-AjAnu
- Transcribing agency: JO-AjAnu
150 ## - HEADING--TOPICAL TERM
- Topical term or geographic name entry element: النزاع العربي الاسرائيلي- مؤتمرات، القدس(فلسطين)- تاريخ- مؤتمرات
670 ## - SOURCE DATA FOUND
- Source citation: Work cat.: (JO-AjAnu)17255: ندوة القدس في التاريخ والأدب واللغة 2009 :جرش ، جامعة فيلادلفيا تاليف المناصرة، عز الدين وآخرون ؛ تحرير عبدالخالق، غسان إسماعيل, author 33588, القدس في التاريخ والأدب واللغة